000 00329nam a22001457a 4500
008 230913b ||||| |||| 00| 0 eng d
020 _a9780691016061
041 _aeng
080 _a521
082 _a521BAH
100 _a19
101 _aASTRO
245 _aUNSOLVED PROBLEMS IN ASTROPHYSICS
_cBAHCALL.N.J
942 _2udc
_cBK
999 _c60378
_d60378